| Поле | Инд. | ПП | Название | Значение |
|---|---|---|---|---|
| Тип записи | a | |||
| Библиографический уровень | m | |||
| 001 | Контрольный номер | a3b4ab65-0d1a-4148-bc8b-f4b558e95001 | ||
| 005 | Дата корректировки | 20140703152041.1 | ||
| 008 | Кодируемые данные | 070123 | ||
| 020 | c | Цена, тираж | б/ц | |
| 040 | a | Служба первич. каталог. | НБ ТвГУ | |
| 041 | a | Код языка текста | rus | |
| 080 | a | Индекс УДК | 1(470)(092)"18"(043.3) | |
| 084 | a | Индекс другой классификации/Индекс ББК | Ю3(2)51я031 | |
| 090 | a | Полочн. индекс | Ю3(2)51 | |
| x | Авторский знак | А47 | ||
| 100 | 1_ | a | Автор | Алексеев Константин Александрович |
| q | Полное имя | Алексеев К. А. | ||
| 245 | 10 | a | Заглавие | Проблема взаимосвязи культуры и политики в философии В. С. Соловьева |
| b | Продолж. заглавия | дис. ... канд. филос. наук : 09.00.03 | ||
| c | Ответственность | Твер. гос. ун-т | ||
| 260 | 1_ | a | Место издания | Тверь |
| b | Издательство | [б. и.] | ||
| c | Дата издания | 2006 | ||
| 300 | a | Объем | 215 с. | |
| 500 | a | Примечание | На правах рукоп. | |
| 502 | a | Примечание о диссертации | Дис.(канд.) - Твер. гос. ун-т, 2006 | |
| 504 | a | Библиография | Библиогр.: с. 193-215 и в подстроч. примеч. | |
| 583 | a | Действие | Получение впервые 2 23.01.2007 | |
| 650 | a | Основная рубрика | Соловьев, Владимир Сергеевич, о нем | |
| 650 | a | Основная рубрика | Философия | |
| x | Основная подрубрика | История | ||
| y | Хронологическая подрубрика | 19 в. | ||
| z | Географическая подрубрика | Россия | ||
| 650 | a | Основная рубрика | Русская философия | |
| 653 | a | Ключевые слова | Диссертации | |
| a | Ключевые слова | История философии | ||
| a | Ключевые слова | Персоналии | ||
| a | Ключевые слова | Русская философия | ||
| a | Ключевые слова | Соловьев | ||
| a | Ключевые слова | Труды Тверского государственного университета | ||
| a | Ключевые слова | Философия | ||
| 710 | a | Организация/ юрисдикция | Тверской государственный университет | |
| 852 | t | Порядковый номер экземпляра | 1 | |
| p | Инвентарный номер | б/н | ||
| 888 | a | Бесплатные | ||
| 901 | t | Тип документа | m | |
| 930 | a | Новая/Ретро | диссертации | |
| a | Новая/Ретро | персоналии | ||
| 952 | p | 2.2007 б/ц 1 б/н | ||
| c | Вид литературы | Дис н | ||
| 954 | a | Дата поступления на обработку | 20070129 | |
| 999 | a | Подразделение 2 | ч.з. |